| 000 | 00930nam a2200277 c 4500 | ||
|---|---|---|---|
| 999 |
_c344796 _d344796 |
||
| 003 | BLK | ||
| 005 | 20201019152051.0 | ||
| 008 | 180911b bul|||||r ||||||| ||bul|| | ||
| 010 | _a004462 | ||
| 040 | _aBLK | ||
| 041 |
_aFRE _cBUL |
||
| 080 |
_aФренска литература _b821.133.1 _z821.133.1-31 _x-31 |
||
| 100 |
_aRousseau, Jean-Jacques _eпърви автор _9367281 |
||
| 139 | _aRousseau, Jean-Jacques | ||
| 245 | 0 | 0 |
_aEmile ou de l'education _cJean-Jacques Rousseau. |
| 250 | _aNouv. ed | ||
| 260 |
_aParis _bGarnier Freres _cs.a |
||
| 300 |
_aL, 666 с _c18 см |
||
| 380 | _aX | ||
| 490 |
_aЧастна колекция - Академик Михаил Арнаудов _gДарение - Основен фонд |
||
| 500 | _aМихаил Арнаудов: негови-книга. - Подчертавания в текста и бележки върху подвързията | ||
| 520 | _a | ||
| 655 |
_aфренска литература _9396933 |
||
| 852 |
_aМА 1272 _bМА |
||
| 942 |
_cKNG _n0 _s1 |
||
| 944 |
_aCR _c1996 _kValK |
||
| 999 | _d344796 | ||
| 999 | _d344796 | ||